| 000 | 00912cam a22001934a 4500 | ||
|---|---|---|---|
| 005 | 20250605164336.0 | ||
| 008 | 250528s ||||||||||||||||||||||||d | ||
| 035 | _a23443 | ||
| 040 |
_aGR-AtMCL _bgre _dGR-AtMCL _eAACR2 |
||
| 245 | 1 | _aThe Experience of Unemployment in Young People./An Interpretive Phenomenological Analysis. | |
| 260 | _c2016 | ||
| 300 | _a43 | ||
| 520 | _aIntroduction, Method, Design, Epistemology, Idiography, Participants, Data Collection, IPA Steps, Analysis, Social Racism of Others and Social Exclusion, Transition to Unemployment - Stages, Shock, Denial, Anger, Depression, Acceptance, the Negative Impact of Unemployment. Losing your Known Identity, Loss of Self - Esteem, the Experience of Negative Emotions, Discussion, Reflexivity, Appendix. | ||
| 700 | 1 |
_aLamproukou Markella _98963 |
|
| 700 | 1 |
_aZafeiraki Anna _99008 |
|
| 942 | _cDS | ||
| 999 |
_c8453 _d8453 |
||